Захистити своє право від корупції (Запис № 391423)

МАРК-запис
000 -Лідер
fixed length control field 00786nam a22002297a 4500
003 - Ідентифікатор контрольного номера
control field UA-OsUOA
001 - Контрольний номер
control field 105295
007 - Фіксоване поле фізичного опису
fixed length control field ta
008 - Елементи даних фіксованої довжини – загальна інформація
fixed length control field 20140224b un ||||| |||| 00| 0 ukr d
090 ## - Локальний шифр розміщення
Класифікаційний індекс УДК 343.35(075.8)
Авторський знак (НП) З-38
040 ## - Джерело каталогізації
Агенція оригінальної каталогізації UA-OsUOA
Мова каталогізації ukr
Агенція, яка здійснювала перезапис UA-OsUOA
Агенція, яка здійснювала модифікацію UA-OsUOA
041 ## - Код мови
Код мови тексту/ звукової доріжки чи окремого заголовка (П) ukr
080 ## - Індекс Універсальної десяткової класифікації
Індекс Універсальної десяткової класифікації (УДК) (НП) 343.35(075.8)
245 ## - Відомості про назву
Назва (НП) Захистити своє право від корупції
Решта назви (НП) навчально-методчиний посібник
Дані про відповідальність (НП) В. Самолюк, А. Філіп'єв, Ю. Березюк
260 ## - Публікація, розповсюдження і т.п. (Вихідні дані)
Місце публікації, розповсюдження і т.п. (П) Острог
Ім’я/ наймення видавництва, розповсюджувача і т.п. (П) НаУОА
Дата публікації, розповсюдження і т.п. (П) 2007
300 ## - Фізичний опис
Обсяг 148 с.
591 ## - Дарувальник
Назва організації БФ "Правничі ініціативи"
650 #7 - Додаткове предметне введення – тематичний термін
Тематичний термін чи географічна назва, як елемент введення (НП) 343 Кримінальне право. Карні порушення
Джерело заголовка чи терміна UDC
942 ## - Додаткові елементи входу (Коха)
Тип елемента Koha Книги
955 ## - Код типу видання за змістом
Код типу видання за змістом (НП) Навчальні видання
Фонди
Стан вилучень Стан втрат Джерело класифікації або схеми стелажів Стан уражень Не для кредиту Постійне місце розташування Поточне розміщення Дата придбання Джерело придбання Вартість, звичайна ціна покупки Інвентарний номер Усього замовленно Повний номер виклику Штрих-код Дата останнього перегляду Ціна ефективна від Тип елемента Koha
    Universal Decimal Classification     АБ - Абонемент НБ АБ - Абонемент НБ 24/02/2014 8/2014 12.00 145086   343.35(075.8) З-38 145086 16/12/2021 24/02/2014 Книги
    Universal Decimal Classification     АБ - Абонемент НБ АБ - Абонемент НБ 25/02/2014 8/2014 12.00 145098   343.35(075.8) З-38 145098 16/12/2021 24/02/2014 Книги
    Universal Decimal Classification     АБ - Абонемент НБ АБ - Абонемент НБ 26/02/2014 8/2014 12.00 145107   343.35(075.8) З-38 145107 16/12/2021 24/02/2014 Книги